Bernard DROBENKO, L’essentiel du droit de l’eau, Lextenso, 2e édition, 2013, 152 pages (notice n° 1645316)

détails MARC
000 -LEADER
fixed length control field 02256cam a2200169 4500500
005 - DATE AND TIME OF LATEST TRANSACTION
control field 20260208001819.0
041 ## - LANGUAGE CODE
Language code of text/sound track or separate title fre
042 ## - AUTHENTICATION CODE
Authentication code dc
100 10 - MAIN ENTRY--PERSONAL NAME
Personal name Emmanouilidou, Lina
Relator term author
245 00 - TITLE STATEMENT
Title Bernard DROBENKO, L’essentiel du droit de l’eau, Lextenso, 2e édition, 2013, 152 pages
260 ## - PUBLICATION, DISTRIBUTION, ETC.
Date of publication, distribution, etc. 2014.<br/>
500 ## - GENERAL NOTE
General note 24
520 ## - SUMMARY, ETC.
Summary, etc. L’année 2013 est en France une année de transition pour ce qui concerne les compétences attribuées aux collectivités territoriales en matière d’environnement. De nombreux textes de loi ont en effet été mis en débat, mais tous ne sont pas adoptés, ni même encore déposés au Parlement, sur la transition écologique ou la biodiversité notamment. L’un d’entre eux, cependant, a été adopté définitivement le 12 décembre 2013 : le projet de loi de modernisation de l’action publique et d’affirmation des métropoles, qui institue en particulier une nouvelle compétence intitulée « gestion des milieux aquatiques et prévention des inondations ». Elle est attribuée aux communes et à leurs groupements. La question de la gestion des milieux aquatiques ne peut cependant relever d’une seule catégorie de collectivités, comme le texte tend lui-même à le démontrer.
520 ## - SUMMARY, ETC.
Summary, etc. Local authorities and environment in 2013The year 2013 is a year of transition in France as regards competences implemented by local authorities in environmental matters. Many laws have indeed been debated, but not all are adopted or even tabled in Parliament, about the ecological transition and biodiversity in particular. One of them, however, was finally adopted December 12, 2013: Bill modernization of public action and affirmation of metropolitan government, which introduces a new competence in particular, entitled “Management of aquatic and flood prevention”. It is awarded to municipalities and their associations. The issue of management of aquatic environments can however raise one class communities, as the text itself tends to demonstrate
786 0# - DATA SOURCE ENTRY
Note Revue juridique de l’environnement | Volume 39 | 1 | 2014-03-01 | p. 197f-201f | 0397-0299
856 41 - ELECTRONIC LOCATION AND ACCESS
Uniform Resource Identifier <a href="https://droit.cairn.info/revue-juridique-de-l-environnement-2014-1-page-197f?lang=fr&redirect-ssocas=7080">https://droit.cairn.info/revue-juridique-de-l-environnement-2014-1-page-197f?lang=fr&redirect-ssocas=7080</a>

Pas d'exemplaire disponible.

PLUDOC

PLUDOC est la plateforme unique et centralisée de gestion des bibliothèques physiques et numériques de Guinée administré par le CEDUST. Elle est la plus grande base de données de ressources documentaires pour les Étudiants, Enseignants chercheurs et Chercheurs de Guinée.

Adresse

627 919 101/664 919 101

25 boulevard du commerce
Kaloum, Conakry, Guinée

Réseaux sociaux

Powered by Netsen Group @ 2025